[Event "Quebec-ch qual."]
[Site "Montreal CAN"]
[Date "2009.05.30"]
[Round "2"]
[White "Gauthier, Denis"]
[Black "Gagnon, Gabriel"]
[Result "1-0"]
[WhiteElo "1876"]
[BlackElo "1538"]
[PlyCount "70"]
[GameId "2160767910156621"]
[EventDate "2009.05.29"]
[EventType "swiss"]
[EventRounds "5"]
[EventCountry "CAN"]
[SourceTitle "hb 2009.06"]

1. d4 Nf6 2. c4 g6 3. Nc3 Bg7 4. Nf3 O-O 5. Bf4 d6 6. h3 c6 7. e3 a6 8. Be2 Nbd7 9. O-O h6 10. Qc2 Nh5 11. Bh2 Qa5 12. a3 e5 13. b4 Qc7 14. Rac1 f5 15. Nh4 exd4 16. exd4 Bxd4 17. Nxg6 Nhf6 18. Nxf8 Nxf8 19. Qd2 Bxc3 20. Qxc3 Ne4 21. Qe3 Qg7 22. Rfd1 Qf6 23. f3 Ng5 24. Rxd6 Be6 25. Be5 Qg6 26. f4 Ne4 27. Rdd1 Re8 28. Qf3 Nd7 29. Qh5 Nxe5 30. fxe5 Bf7 31. Qxg6+ Bxg6 32. Rd7 b5 33. cxb5 cxb5 34. Rcc7 Re6 35. Rd8+ Be8 1-0

[Event "Quebec-ch qual."]
[Site "Montreal CAN"]
[Date "2009.05.30"]
[Round "2"]
[White "Luo, Zhao Yang"]
[Black "Brunet, Guy"]
[Result "1-0"]
[WhiteElo "1735"]
[BlackElo "1483"]
[PlyCount "89"]
[GameId "2160767910156622"]
[EventDate "2009.05.29"]
[EventType "swiss"]
[EventRounds "5"]
[EventCountry "CAN"]
[SourceTitle "hb 2009.06"]

1. d4 d5 2. c4 c6 3. Nc3 Nf6 4. Nf3 a6 5. c5 Bg4 6. Bd2 e6 7. Na4 Nbd7 8. Qb3 Ra7 9. h3 Bxf3 10. gxf3 e5 11. e3 exd4 12. exd4 g6 13. O-O-O Bg7 14. Re1+ Kf8 15. Nb6 Nxb6 16. cxb6 Ra8 17. Bb4+ Kg8 18. Bc5 Bh6+ 19. Kb1 Kg7 20. Re7 Nd7 21. Ba3 Re8 22. Rxe8 Qxe8 23. Bd3 Qe6 24. Qb4 Re8 25. b3 Kg8 26. Qa5 Nb8 27. Qc3 Bf8 28. Bc5 Bxc5 29. dxc5 Qe5 30. Qxe5 Rxe5 31. Kc2 Kf8 32. Kd2 Ke7 33. Re1 Rxe1 34. Kxe1 Kf6 35. f4 a5 36. a3 Nd7 37. b4 axb4 38. axb4 h6 39. h4 Nb8 40. Ke2 g5 41. fxg5+ hxg5 42. h5 Nd7 43. h6 Ne5 44. h7 Kg7 45. Bf5 1-0

[Event "Quebec-ch qual."]
[Site "Montreal CAN"]
[Date "2009.05.30"]
[Round "2"]
[White "Plante, Hendrick"]
[Black "Joanis, Marc-Andre"]
[Result "1-0"]
[WhiteElo "1926"]
[BlackElo "1544"]
[PlyCount "37"]
[GameId "2160767910156623"]
[EventDate "2009.05.29"]
[EventType "swiss"]
[EventRounds "5"]
[EventCountry "CAN"]
[SourceTitle "EXT 2011"]
[Source "ChessBase"]
[SourceDate "2011.11.26"]
[SourceVersion "1"]
[SourceVersionDate "2011.11.26"]
[SourceQuality "1"]

1. d4 d5 2. c4 dxc4 3. e3 Nf6 4. Bxc4 e6 5. Nf3 a6 6. Nc3 c5 7. O-O cxd4 8. exd4 Be7 9. a4 O-O 10. Be3 Nc6 11. Qe2 b6 12. Rfd1 Nb4 13. Ne5 Bb7 14. Rac1 Nfd5 15. Nxd5 Nxd5 16. Bd3 Nb4 17. Bb1 Qd5 18. f3 Rac8 19. Be4 1-0

[Event "Quebec-ch qual."]
[Site "Montreal CAN"]
[Date "2009.05.30"]
[Round "2"]
[White "Wang, Kelly"]
[Black "Clyde, Jordan"]
[Result "0-1"]
[WhiteElo "1564"]
[BlackElo "1946"]
[PlyCount "68"]
[GameId "2160767910156624"]
[EventDate "2009.05.29"]
[EventType "swiss"]
[EventRounds "5"]
[EventCountry "CAN"]
[SourceTitle "EXT 2011"]
[Source "ChessBase"]
[SourceDate "2011.11.26"]
[SourceVersion "1"]
[SourceVersionDate "2011.11.26"]
[SourceQuality "1"]

1. e4 d6 2. d4 c6 3. Nc3 g6 4. Nf3 Bg7 5. Bc4 Nf6 6. Bb3 O-O 7. h3 b5 8. a3 Bb7 9. O-O a6 10. Re1 Nfd7 11. Be3 Nb6 12. Qd2 N8d7 13. Bh6 Rc8 14. Bxg7 Kxg7 15. d5 c5 16. Qe3 f6 17. Nd2 b4 18. axb4 cxb4 19. Ne2 Nc5 20. Ra2 Rc7 21. Nd4 Bc8 22. Nc4 Nxb3 23. Nc6 Nxc4 24. Qxb3 Rxc6 25. dxc6 Na5 26. Qxb4 Nxc6 27. Qc3 Qb6 28. Ra3 Be6 29. Raa1 a5 30. b3 Rc8 31. Qg3 Nd4 32. Qe3 Rxc2 33. Rab1 Bxb3 34. Rxb3 Qxb3 0-1

[Event "Quebec-ch qual."]
[Site "Montreal CAN"]
[Date "2009.05.30"]
[Round "3"]
[White "Brichko, Michael"]
[Black "Gauthier, Denis"]
[Result "1-0"]
[WhiteElo "1637"]
[BlackElo "1876"]
[PlyCount "55"]
[GameId "2160767910156625"]
[EventDate "2009.05.29"]
[EventType "swiss"]
[EventRounds "5"]
[EventCountry "CAN"]
[SourceTitle "EXT 2011"]
[Source "ChessBase"]
[SourceDate "2011.11.26"]
[SourceVersion "1"]
[SourceVersionDate "2011.11.26"]
[SourceQuality "1"]

1. d4 Nf6 2. c4 e6 3. Nf3 b6 4. g3 Ba6 5. b3 d5 6. cxd5 exd5 7. Bg2 Bb4+ 8. Bd2 Be7 9. O-O O-O 10. Re1 c5 11. dxc5 bxc5 12. Bg5 h6 13. Bf4 Nc6 14. Nc3 Qd7 15. Ne5 Nxe5 16. Bxe5 Rad8 17. Rc1 Bb7 18. Na4 Rc8 19. Bxf6 gxf6 20. Qd2 Kg7 21. Qa5 Qc7 22. Qxa7 Ra8 23. Qb6 Qxb6 24. Nxb6 Rxa2 25. Bxd5 Ba6 26. b4 Rb2 27. bxc5 Bxc5 28. Na4 1-0

[Event "Quebec-ch qual."]
[Site "Montreal CAN"]
[Date "2009.05.30"]
[Round "3"]
[White "O'Connor, Michael"]
[Black "Wang, Yan"]
[Result "1-0"]
[WhiteElo "1754"]
[BlackElo "1598"]
[PlyCount "71"]
[GameId "2160767910156626"]
[EventDate "2009.05.29"]
[EventType "swiss"]
[EventRounds "5"]
[EventCountry "CAN"]
[SourceTitle "hb 2009.06"]

1. d4 d5 2. e3 Nf6 3. Bd3 e6 4. Nd2 Nbd7 5. f4 c5 6. c3 c4 7. Bc2 b5 8. Ngf3 Qc7 9. Ne5 Ng8 10. O-O a5 11. e4 Ndf6 12. g4 Bb7 13. Qe2 Ne7 14. f5 exf5 15. exf5 Nd7 16. Ndf3 f6 17. Nxd7 Qxd7 18. a4 b4 19. Re1 b3 20. Bb1 O-O-O 21. Bf4 g5 22. Bg3 Re8 23. Ne5 fxe5 24. Qxe5 Kd8 25. Qxh8 Nc6 26. Rxe8+ Qxe8 27. Qf6+ Be7 28. Qe6 Qd7 29. Qg8+ Qe8 30. Qxd5+ Kc8 31. f6 Nxd4 32. Qxd4 Bc6 33. Bf5+ Kb7 34. fxe7 Qxe7 35. Re1 Qf7 36. Qc5 1-0

[Event "Quebec-ch qual."]
[Site "Montreal CAN"]
[Date "2009.05.30"]
[Round "3"]
[White "Wu, Qiyou"]
[Black "Plante, Hendrick"]
[Result "1-0"]
[WhiteElo "1700"]
[BlackElo "1926"]
[PlyCount "109"]
[GameId "2160767910156627"]
[EventDate "2009.05.29"]
[EventType "swiss"]
[EventRounds "5"]
[EventCountry "CAN"]
[SourceTitle "EXT 2011"]
[Source "ChessBase"]
[SourceDate "2011.11.26"]
[SourceVersion "1"]
[SourceVersionDate "2011.11.26"]
[SourceQuality "1"]

1. e4 c5 2. Nf3 Nc6 3. d4 cxd4 4. Nxd4 e5 5. Nb5 d6 6. N1c3 a6 7. Na3 Nf6 8. Bg5 Be7 9. Nc4 b5 10. Bxf6 gxf6 11. Ne3 Be6 12. Ncd5 Ra7 13. c3 Rb7 14. b3 Qd7 15. a4 O-O 16. axb5 axb5 17. Bd3 b4 18. c4 Nd4 19. O-O Bd8 20. Ra4 Kh8 21. Re1 Rg8 22. Kh1 f5 23. exf5 Nxf5 24. Nxf5 Bxf5 25. Qe2 Bxd3 26. Qxd3 f5 27. Ne3 f4 28. Nf5 Qe6 29. Ra6 Qg6 30. Rg1 Bb6 31. Qxd6 Qxf5 32. Rxb6 Rd7 33. Qf6+ Qxf6 34. Rxf6 Rd3 35. Rb1 Rgd8 36. h3 Rd1+ 37. Rxd1 Rxd1+ 38. Kh2 Rd3 39. Re6 Rxb3 40. Rxe5 Rc3 41. Re4 b3 42. Rxf4 Kg7 43. Rd4 Kf6 44. Rd6+ Ke5 45. Rb6 Kd4 46. f4 Kxc4 47. h4 Kd3 48. f5 Kc2 49. f6 b2 50. g4 b1=Q 51. Rxb1 Kxb1 52. g5 Kc2 53. Kg2 Kd3 54. f7 Rc8 55. h5 1-0

[Event "Quebec-ch qual."]
[Site "Montreal CAN"]
[Date "2009.05.31"]
[Round "4"]
[White "Bouchard, Jean-Marc"]
[Black "Robichaud, Louis"]
[Result "1/2-1/2"]
[WhiteElo "1807"]
[BlackElo "2075"]
[PlyCount "67"]
[GameId "2160767910156628"]
[EventDate "2009.05.29"]
[EventType "swiss"]
[EventRounds "5"]
[EventCountry "CAN"]
[SourceTitle "hb 2009.06"]

1. e4 e5 2. Nf3 Nc6 3. Bb5 a6 4. Ba4 Nf6 5. Qe2 d6 6. h3 Bd7 7. c3 Be7 8. O-O O-O 9. Bc2 Re8 10. d3 Bf8 11. Rd1 Qe7 12. Nbd2 g6 13. Nf1 Bg7 14. Be3 Rad8 15. Ng3 h6 16. Rf1 d5 17. Rad1 Bc8 18. Bc1 d4 19. c4 b5 20. b3 b4 21. Nh2 Nd7 22. f4 exf4 23. Bxf4 Nde5 24. Nf3 Rf8 25. Nxe5 Nxe5 26. Rf2 Rde8 27. Re1 Qh4 28. Qf1 Re7 29. Ne2 c5 30. Bg3 Qg5 31. Bf4 Qh4 32. Bg3 Qg5 33. Bf4 Qh4 34. Bg3 1/2-1/2

[Event "Quebec-ch qual."]
[Site "Montreal CAN"]
[Date "2009.05.31"]
[Round "4"]
[White "Gauthier, Denis"]
[Black "Lemieux, Serge"]
[Result "1-0"]
[WhiteElo "1876"]
[BlackElo "1529"]
[PlyCount "75"]
[GameId "2160767910156629"]
[EventDate "2009.05.29"]
[EventType "swiss"]
[EventRounds "5"]
[EventCountry "CAN"]
[SourceTitle "hb 2009.06"]

1. d4 d5 2. c4 c6 3. Nf3 Nf6 4. e3 e6 5. b3 Nbd7 6. Nbd2 Bb4 7. Bd3 Ne4 8. O-O Bc3 9. Rb1 Ndf6 10. Qc2 Nxd2 11. Nxd2 Bxd2 12. Bxd2 O-O 13. f3 Qd6 14. Bc3 g6 15. Qd2 b6 16. e4 Nh5 17. e5 Qe7 18. g4 Ng7 19. Rbe1 Bd7 20. f4 f5 21. g5 Ne8 22. h4 Nc7 23. Kg2 a6 24. Rh1 c5 25. h5 Be8 26. hxg6 Bxg6 27. Be2 Qe8 28. Bf3 Rd8 29. Qe3 Qe7 30. Rd1 Rf7 31. dxc5 bxc5 32. cxd5 Nxd5 33. Bxd5 Rxd5 34. Rxd5 Qb7 35. Qxc5 Rc7 36. Qxc7 Qxd5+ 37. Kh2 Qf3 38. Qd8+ 1-0

[Event "Quebec-ch qual."]
[Site "Montreal CAN"]
[Date "2009.05.31"]
[Round "4"]
[White "Luo, Zhao Yang"]
[Black "Brichko, Michael"]
[Result "1/2-1/2"]
[WhiteElo "1735"]
[BlackElo "1637"]
[PlyCount "119"]
[GameId "2160767910156630"]
[EventDate "2009.05.29"]
[EventType "swiss"]
[EventRounds "5"]
[EventCountry "CAN"]
[SourceTitle "EXT 2011"]
[Source "ChessBase"]
[SourceDate "2011.11.26"]
[SourceVersion "1"]
[SourceVersionDate "2011.11.26"]
[SourceQuality "1"]

1. d4 e6 2. c4 d5 3. Nc3 Nf6 4. Bg5 Nbd7 5. cxd5 exd5 6. e3 c6 7. Bd3 Bd6 8. Nf3 O-O 9. O-O Re8 10. e4 dxe4 11. Nxe4 Be7 12. Re1 Nxe4 13. Rxe4 Bxg5 14. Rxe8+ Qxe8 15. Nxg5 h6 16. Ne4 Nb6 17. Qd2 Qd8 18. Re1 Be6 19. Nc5 Qd5 20. b3 Kh8 21. Be4 Qg5 22. Qxg5 hxg5 23. Nxe6 fxe6 24. Bg6 Nd5 25. g3 Nc7 26. Re5 Kg8 27. Rxg5 Rd8 28. Rg4 Nb5 29. Rf4 Rd7 30. Kg2 Nxd4 31. Bf7+ Rxf7 32. Rxd4 Re7 33. h4 c5 34. Rd8+ Kf7 35. g4 Rc7 36. Rd3 b5 37. Kf3 a5 38. Ke4 b4 39. Ke5 c4 40. bxc4 Rxc4 41. Rd7+ Kg8 42. g5 Rc2 43. g6 Re2+ 44. Kf4 Rxf2+ 45. Ke3 Rf6 46. h5 Rf5 47. Re7 Kf8 48. Rxe6 Rxh5 49. Ra6 Ke7 50. Kd4 Rf5 51. Kc4 Rg5 52. Kb3 Rg3+ 53. Kb2 Ra3 54. Rb6 Rf3 55. Ra6 Rf5 56. Kb3 Rg5 57. Ka4 Rg2 58. Kb3 Rg3+ 59. Kb2 Rg4 60. Kb3 1/2-1/2

[Event "Quebec-ch qual."]
[Site "Montreal CAN"]
[Date "2009.05.31"]
[Round "4"]
[White "Wu, Qiyou"]
[Black "O'Connor, Michael"]
[Result "0-1"]
[WhiteElo "1700"]
[BlackElo "1754"]
[PlyCount "60"]
[GameId "2160767910156631"]
[EventDate "2009.05.29"]
[EventType "swiss"]
[EventRounds "5"]
[EventCountry "CAN"]
[SourceTitle "EXT 2011"]
[Source "ChessBase"]
[SourceDate "2011.11.26"]
[SourceVersion "1"]
[SourceVersionDate "2011.11.26"]
[SourceQuality "1"]

1. e4 d6 2. d4 g6 3. Nc3 Bg7 4. Be3 Nf6 5. f3 O-O 6. Qd2 Re8 7. Bc4 c6 8. a3 Nbd7 9. Nge2 Qc7 10. O-O-O b5 11. Ba2 a5 12. h4 b4 13. Nb1 c5 14. h5 c4 15. axb4 axb4 16. Qxb4 Rxa2 17. Na3 Ra1+ 18. Kd2 Rxd1+ 19. Kxd1 Nxh5 20. g4 Nhf6 21. Nf4 e5 22. g5 exf4 23. gxf6 fxe3 24. fxg7 d5 25. e5 Kxg7 26. Qe1 Qb6 27. Qxe3 h5 28. Kc1 Nxe5 29. Qg1 Nxf3 30. Qg2 Bg4 0-1

[Event "Quebec-ch sf final-2"]
[Site "Montreal CAN"]
[Date "2009.06.12"]
[Round "1"]
[White "Ye, Ling Feng"]
[Black "Tessier, Olivier"]
[Result "1-0"]
[WhiteElo "2228"]
[BlackElo "2227"]
[PlyCount "47"]
[GameId "2160767910156480"]
[EventDate "2009.06.12"]
[EventType "tourn"]
[EventRounds "5"]
[EventCountry "CAN"]
[SourceTitle "EXT 2011"]
[Source "ChessBase"]
[SourceDate "2011.11.26"]
[SourceVersion "1"]
[SourceVersionDate "2011.11.26"]
[SourceQuality "1"]

1. e4 c5 2. Nf3 Nf6 3. e5 Nd5 4. Nc3 e6 5. Nxd5 exd5 6. d4 Nc6 7. c3 Qb6 8. Bd3 cxd4 9. O-O g6 10. Nxd4 Nxd4 11. Be3 Bg7 12. Bxd4 Qe6 13. f4 O-O 14. f5 Qc6 15. f6 Bh8 16. Rf4 d6 17. exd6 Qxd6 18. Qf3 Re8 19. Rh4 Re6 20. Rf1 Bd7 21. Rxh7 Kxh7 22. Qh5+ Kg8 23. Bxg6 Bxf6 24. Qh7+ 1-0

[Event "Quebec-ch sf final-2"]
[Site "Montreal CAN"]
[Date "2009.06.13"]
[Round "2"]
[White "Fareh, Youness"]
[Black "Tessier, Olivier"]
[Result "0-1"]
[WhiteElo "2175"]
[BlackElo "2227"]
[PlyCount "46"]
[GameId "2160767910156481"]
[EventDate "2009.06.12"]
[EventType "tourn"]
[EventRounds "5"]
[EventCountry "CAN"]
[SourceTitle "EXT 2011"]
[Source "ChessBase"]
[SourceDate "2011.11.26"]
[SourceVersion "1"]
[SourceVersionDate "2011.11.26"]
[SourceQuality "1"]

1. Nf3 Nf6 2. c4 c5 3. g3 e6 4. Nc3 Nc6 5. Bg2 Be7 6. O-O O-O 7. d4 cxd4 8. Nxd4 Nxd4 9. Qxd4 d6 10. b3 a6 11. Ba3 Qa5 12. Na4 Rd8 13. Rfd1 Rb8 14. Qb6 Qe5 15. Qc7 Bd7 16. Bxd6 Bxd6 17. Qxd6 Qxe2 18. Rd2 Qh5 19. Qb6 Rdc8 20. Nb2 h6 21. Rad1 Bc6 22. Bxc6 bxc6 23. Rd8+ Kh7 0-1

[Event "Quebec-ch sf final-2"]
[Site "Montreal CAN"]
[Date "2009.06.13"]
[Round "3"]
[White "Tessier, Olivier"]
[Black "Masse, Hugues"]
[Result "0-1"]
[WhiteElo "2227"]
[BlackElo "2266"]
[PlyCount "87"]
[GameId "2160767910156482"]
[EventDate "2009.06.12"]
[EventType "tourn"]
[EventRounds "5"]
[EventCountry "CAN"]
[SourceTitle "EXT 2011"]
[Source "ChessBase"]
[SourceDate "2011.11.26"]
[SourceVersion "1"]
[SourceVersionDate "2011.11.26"]
[SourceQuality "1"]

1. d4 Nf6 2. c4 g6 3. Nc3 d5 4. cxd5 Nxd5 5. e4 Nxc3 6. bxc3 Bg7 7. Nf3 c5 8. Bb5+ Nc6 9. O-O cxd4 10. cxd4 O-O 11. Be3 Bg4 12. Bxc6 bxc6 13. Rc1 Qd6 14. e5 Qd7 15. Qa4 Rac8 16. Rc5 Be6 17. Rfc1 Bd5 18. Ne1 f6 19. Nd3 Qg4 20. Nf4 Be4 21. h3 Qd7 22. d5 fxe5 23. dxc6 Rxc6 24. Ne2 Qd3 25. Rxc6 Bxc6 26. Rxc6 Qxe2 27. Qxa7 e4 28. Qa5 Qb2 29. Qd5+ Kh8 30. Rc1 Qe5 31. Qxe5 Bxe5 32. Rc4 Rd8 33. g3 Kg7 34. Rxe4 Rd1+ 35. Kg2 Kf6 36. a4 Ra1 37. Bc5 Kf5 38. Kf3 Bd6 39. g4+ Kg5 40. Be3+ Kh4 41. Kg2 Ra2 42. Rd4 Bc5 43. Rd2 Rxd2 44. Bxd2 0-1

[Event "Quebec-ch sf final-2"]
[Site "Montreal CAN"]
[Date "2009.06.14"]
[Round "4"]
[White "Jiang, Louie"]
[Black "Tessier, Olivier"]
[Result "1/2-1/2"]
[WhiteElo "2236"]
[BlackElo "2227"]
[PlyCount "91"]
[GameId "2160767910156483"]
[EventDate "2009.06.12"]
[EventType "tourn"]
[EventRounds "5"]
[EventCountry "CAN"]
[SourceTitle "EXT 2011"]
[Source "ChessBase"]
[SourceDate "2011.11.26"]
[SourceVersion "1"]
[SourceVersionDate "2011.11.26"]
[SourceQuality "1"]

1. e4 c5 2. Nf3 Nf6 3. e5 Nd5 4. Nc3 e6 5. Nxd5 exd5 6. d4 Nc6 7. c3 cxd4 8. cxd4 d6 9. Be2 dxe5 10. Nxe5 Nxe5 11. dxe5 Bb4+ 12. Bd2 Bc5 13. O-O O-O 14. Bd3 Qh4 15. Qf3 Be6 16. g3 Qg4 17. Qxg4 Bxg4 18. Rac1 Rfc8 19. Bc3 d4 20. Bd2 Bf3 21. Bf5 Rc6 22. Bd7 Rc7 23. Bh3 Bb6 24. Bg2 Be2 25. Rfe1 Rxc1 26. Rxc1 d3 27. Bf1 Rd8 28. Re1 Bf3 29. Bg2 Bxg2 30. Kxg2 Bd4 31. f4 Rc8 32. Rd1 Rc2 33. Kf3 Rxb2 34. Bc1 Rxa2 35. Rxd3 Bb6 36. Be3 Kf8 37. Bxb6 axb6 38. Rb3 Ra6 39. g4 Ke7 40. f5 Kd7 41. Rd3+ Ke7 42. Rb3 g5 43. h3 Kd7 44. Rd3+ Ke7 45. Rb3 Kd7 46. Rd3+ 1/2-1/2

[Event "Quebec-ch sf final-2"]
[Site "Montreal CAN"]
[Date "2009.06.14"]
[Round "5"]
[White "Tessier, Olivier"]
[Black "Luo, Zhao Yang"]
[Result "1-0"]
[WhiteElo "2227"]
[BlackElo "1814"]
[PlyCount "55"]
[GameId "2160767910156484"]
[EventDate "2009.06.12"]
[EventType "tourn"]
[EventRounds "5"]
[EventCountry "CAN"]
[SourceTitle "EXT 2011"]
[Source "ChessBase"]
[SourceDate "2011.11.26"]
[SourceVersion "1"]
[SourceVersionDate "2011.11.26"]
[SourceQuality "1"]

1. d4 Nf6 2. c4 g6 3. Nc3 Bg7 4. e4 d6 5. Be2 O-O 6. Bg5 Nbd7 7. Qd2 e5 8. d5 Nc5 9. b4 Na6 10. Rb1 Rb8 11. h4 c6 12. h5 Qc7 13. Bh6 Bxh6 14. Qxh6 cxd5 15. Nxd5 Nxd5 16. cxd5 Qc2 17. Rb3 Qc7 18. Nf3 f6 19. hxg6 hxg6 20. Bxa6 Qg7 21. Bd3 Qxh6 22. Rxh6 Kg7 23. Rh1 f5 24. Ng5 fxe4 25. Bxe4 b5 26. Rc3 Rb7 27. Rh7+ Kg8 28. Rxc8 1-0

[Event "RA Autumn Frost"]
[Site "Ottawa CAN"]
[Date "2009.11.05"]
[Round "1"]
[White "Pacey, Kevin"]
[Black "Marinkovic, Mate"]
[Result "1/2-1/2"]
[WhiteElo "2324"]
[BlackElo "2170"]
[PlyCount "120"]
[GameId "2160767910030424"]
[EventDate "2009.11.05"]
[EventType "swiss"]
[EventRounds "5"]
[EventCountry "CAN"]

1. e4 c5 2. Nf3 e6 3. d4 cxd4 4. Nxd4 Nc6 5. Nb5 d6 6. Bf4 e5 7. Be3 a6 8. N5c3 Nf6 9. Bg5 Be7 10. Bxf6 Bxf6 11. Nd5 Be7 12. Nxe7 Nxe7 13. c4 Be6 14. Nc3 Rc8 15. Qa4+ Qd7 16. Rd1 Qxa4 17. Nxa4 Rc6 18. b3 O-O 19. Be2 Ng6 20. h4 Nf4 21. Bf1 f5 22. g3 Ng6 23. h5 Ne7 24. exf5 Nxf5 25. Bg2 Rc7 26. Nb6 Rd8 27. Bd5 Bxd5 28. Nxd5 Rc5 29. g4 Nd4 30. f4 b5 31. fxe5 dxe5 32. Ne3 Rc7 33. O-O Rcd7 34. Nd5 bxc4 35. bxc4 Ne2+ 36. Kh2 Nf4 37. Ne7+ Kf7 38. Rxd7 Rxd7 39. Nd5 Ke6 40. Nxf4+ exf4 41. Rxf4 Rd2+ 42. Kg3 Rxa2 43. Re4+ Kf6 44. Kf4 h6 45. Rd4 Re2 46. Rd6+ Re6 47. Rd5 Rc6 48. c5 a5 49. Ke4 a4 50. Kd4 a3 51. Rf5+ Ke6 52. Re5+ Kf6 53. Re2 Ra6 54. Ra2 Ke6 55. Kc4 Ra8 56. Kb5 Kd7 57. Rd2+ Kc7 58. Rf2 a2 59. Rf7+ Kb8 60. Rf8+ Ka7 1/2-1/2

[Event "RA Autumn Frost"]
[Site "Ottawa CAN"]
[Date "2009.11.15"]
[Round "2"]
[White "Pacey, Kevin"]
[Black "Upper, John"]
[Result "1-0"]
[WhiteElo "2324"]
[BlackElo "2228"]
[PlyCount "100"]
[GameId "2160767910030425"]
[EventDate "2009.11.05"]
[EventType "swiss"]
[EventRounds "5"]
[EventCountry "CAN"]

1. c4 c5 2. Nf3 Nf6 3. d4 cxd4 4. Nxd4 Nc6 5. Nc3 g6 6. e4 Nxd4 7. Qxd4 d6 8. Be2 Bg7 9. O-O O-O 10. Rd1 Be6 11. Bg5 Re8 12. Qd2 Rc8 13. Rac1 Qb6 14. Be3 Qa5 15. b3 a6 16. f3 Nd7 17. Nd5 Qxd2 18. Bxd2 Bxd5 19. exd5 Rc7 20. Be3 a5 21. Bf1 Nc5 22. Re1 Kf8 23. Rcd1 h5 24. Bg5 Nd7 25. Re2 Bf6 26. Bxf6 Nxf6 27. Re3 b6 28. a4 Nd7 29. Bd3 Nc5 30. Bc2 Na6 31. f4 f5 32. g3 Kf7 33. h3 Nc5 34. Kf2 Kf6 35. Rg1 Rh8 36. Rg2 Rcc8 37. Kf3 Rce8 38. Rge2 Rh7 39. Kf2 Rf8 40. Ke1 Re8 41. Kd2 Rg7 42. Kc3 Ra8 43. Rg2 Ra7 44. g4 hxg4 45. hxg4 e6 46. g5+ Kf7 47. Rh2 Rc7 48. b4 axb4+ 49. Kxb4 exd5 50. cxd5 Re7 1-0

[Event "RA Autumn Frost"]
[Site "Ottawa CAN"]
[Date "2009.11.19"]
[Round "3"]
[White "Qin, Zi Yi (Joey)"]
[Black "Pacey, Kevin"]
[Result "0-1"]
[WhiteElo "2220"]
[BlackElo "2324"]
[PlyCount "70"]
[GameId "2160767910030426"]
[EventDate "2009.11.05"]
[EventType "swiss"]
[EventRounds "5"]
[EventCountry "CAN"]

1. e4 Nc6 2. Nf3 e6 3. d4 d5 4. e5 b6 5. c3 Nce7 6. Bd3 a5 7. Qe2 Nf5 8. Bg5 Be7 9. h4 h5 10. Nbd2 Ngh6 11. O-O-O c5 12. dxc5 bxc5 13. Nf1 a4 14. Ne3 a3 15. b3 Qa5 16. c4 Nxe3 17. fxe3 Bb7 18. Qc2 Bxg5 19. Nxg5 Ng4 20. Rh3 Nxe5 21. cxd5 exd5 22. e4 d4 23. Be2 Ba6 24. Bxa6 Qxa6 25. Kb1 Qb6 26. Qf2 Qf6 27. Qc2 O-O 28. Qxc5 d3 29. Qd4 Rfd8 30. Qa1 Qf2 31. Qc3 Rac8 32. Qd2 Qd4 33. Rc1 Rxc1+ 34. Qxc1 d2 35. Qd1 Qb2# 0-1

[Event "RA Autumn Frost"]
[Site "Ottawa CAN"]
[Date "2009.11.26"]
[Round "4"]
[White "Pacey, Kevin"]
[Black "Doubleday, William"]
[Result "1/2-1/2"]
[WhiteElo "2324"]
[BlackElo "2202"]
[PlyCount "56"]
[GameId "2160767910030427"]
[EventDate "2009.11.05"]
[EventType "swiss"]
[EventRounds "5"]
[EventCountry "CAN"]

1. c4 e5 2. Nc3 Nf6 3. Nf3 Nc6 4. g3 Bb4 5. Bg2 Bxc3 6. dxc3 O-O 7. O-O d6 8. Qc2 Be6 9. b3 h6 10. Nh4 Qc8 11. f4 Bh3 12. fxe5 Nxe5 13. Bxh6 Bxg2 14. Kxg2 gxh6 15. Rxf6 Ng4 16. Rf3 Qe6 17. Nf5 Rae8 18. Re1 Qg6 19. Qd2 Re5 20. h3 Rxf5 21. Rxf5 Qxf5 22. hxg4 Qxg4 23. Qxh6 Re8 24. e3 Qe4+ 25. Kg1 Qe5 26. Re2 Qxc3 27. Qg5+ Kf8 28. Qh6+ Kg8 1/2-1/2

[Event "RA CC-ch"]
[Site "Ottawa CAN"]
[Date "2009.01.29"]
[Round "3"]
[White "Eyre, Keven"]
[Black "Pacey, Kevin"]
[Result "0-1"]
[WhiteElo "1524"]
[BlackElo "2318"]
[PlyCount "64"]
[GameId "2160767910264939"]
[EventDate "2009.01.29"]
[EventType "swiss"]
[EventRounds "6"]
[EventCountry "CAN"]

1. e4 e6 2. d4 d5 3. e5 c5 4. c3 Qb6 5. Nf3 Bd7 6. Be2 Bb5 7. O-O Bxe2 8. Qxe2 cxd4 9. cxd4 Nc6 10. Qd2 Nh6 11. Nc3 Nf5 12. Ne2 Be7 13. a3 Na5 14. Qd3 Qb3 15. Rd1 Rc8 16. Qxb3 Nxb3 17. Rb1 Rc2 18. Rd3 Nxc1 19. Nxc1 h5 20. Rc3 Rxc3 21. bxc3 b6 22. a4 Kd7 23. Ne2 g5 24. g3 g4 25. Nd2 Rc8 26. Rc1 Bg5 27. Rc2 h4 28. Nf1 Rc4 29. Ra2 Kc6 30. Nd2 Bxd2 31. Rxd2 Rxa4 32. Rb2 Ra1+ 0-1

[Event "RA CC-ch"]
[Site "Ottawa CAN"]
[Date "2009.02.05"]
[Round "4"]
[White "Pacey, Kevin"]
[Black "Tomalty, Alan"]
[Result "1-0"]
[WhiteElo "2318"]
[BlackElo "1728"]
[PlyCount "79"]
[GameId "2160767910264940"]
[EventDate "2009.01.29"]
[EventType "swiss"]
[EventRounds "6"]
[EventCountry "CAN"]

1. e4 e5 2. f4 Bc5 3. Nf3 d6 4. b4 Bb6 5. Nc3 Nf6 6. Na4 Nxe4 7. Nxb6 axb6 8. Qe2 Bf5 9. g4 Bxg4 10. Qxe4 O-O 11. fxe5 Bxf3 12. Qxf3 Qh4+ 13. Kd1 Qxb4 14. Rg1 Nc6 15. Qg4 Qxg4+ 16. Rxg4 Nxe5 17. Rf4 f5 18. Bb2 g5 19. Bc4+ Nxc4 20. Rxc4 c5 21. Rc3 Ra4 22. Re3 Re4 23. Ke2 d5 24. Rg1 h6 25. Rxe4 dxe4 26. h4 g4 27. Ke3 Kh7 28. Kf4 Kg6 29. Bc3 Rc8 30. h5+ Kxh5 31. Kxf5 Rf8+ 32. Bf6 Rxf6+ 33. Kxf6 Kh4 34. Kf5 h5 35. Rh1+ Kg3 36. Rxh5 Kf3 37. Rh4 g3 38. Rf4+ Kg2 39. Kxe4 Kh3 40. Kf3 1-0

[Event "RA CC-ch"]
[Site "Ottawa CAN"]
[Date "2009.02.12"]
[Round "5"]
[White "Best, Garland"]
[Black "Pacey, Kevin"]
[Result "0-1"]
[WhiteElo "1666"]
[BlackElo "2318"]
[PlyCount "86"]
[GameId "2160767910264941"]
[EventDate "2009.01.29"]
[EventType "swiss"]
[EventRounds "6"]
[EventCountry "CAN"]

1. e4 b6 2. d4 Bb7 3. Bd3 e6 4. c4 g6 5. Nf3 Bg7 6. e5 Ne7 7. O-O O-O 8. Nc3 d6 9. Be4 d5 10. cxd5 Nxd5 11. Bxd5 Bxd5 12. Nxd5 Qxd5 13. Bg5 Nc6 14. Re1 h6 15. Bf6 Rfc8 16. Rc1 Nb8 17. b3 Nd7 18. Bxg7 Kxg7 19. Rc3 c5 20. Qc2 Rd8 21. Qe4 Qxe4 22. Rxe4 Rac8 23. Kf1 b5 24. dxc5 Nxc5 25. Rd4 Re8 26. a4 bxa4 27. bxa4 Na6 28. Rxc8 Rxc8 29. Rd7 Rc1+ 30. Ke2 Nc7 31. Kd2 Rc5 32. Ke2 a5 33. Kd3 Nd5 34. Ra7 Nf4+ 35. Kd4 Rd5+ 36. Ke4 Ne2 37. Rc7 g5 38. h3 Nf4 39. Nd4 Kg6 40. Nb5 Nd3 41. Ra7 Nxe5 42. Rxa5 f5+ 43. Ke3 Nc4+ 0-1